<?xml version="1.0" encoding="UTF-8"?>
<record
    xmlns:xsi="http://www.w3.org/2001/XMLSchema-instance"
    xsi:schemaLocation="http://www.loc.gov/MARC21/slim http://www.loc.gov/standards/marcxml/schema/MARC21slim.xsd"
    xmlns="http://www.loc.gov/MARC21/slim">

  <leader>01618nam0a22003131  4500</leader>
  <controlfield tag="001">RU\NLR\A1DV\32699</controlfield>
  <controlfield tag="005">20251203152403.2</controlfield>
  <datafield tag="035" ind1=" " ind2=" ">
    <subfield code="a">(NLR Aleph) 010777698</subfield>
  </datafield>
  <datafield tag="090" ind1=" " ind2=" ">
    <subfield code="a">10051427</subfield>
    <subfield code="c">10051427</subfield>
  </datafield>
  <datafield tag="100" ind1=" " ind2=" ">
    <subfield code="a">20251214              rusy50        </subfield>
  </datafield>
  <datafield tag="101" ind1="0" ind2=" ">
    <subfield code="a">rus</subfield>
  </datafield>
  <datafield tag="102" ind1=" " ind2=" ">
    <subfield code="a">RU</subfield>
  </datafield>
  <datafield tag="105" ind1=" " ind2=" ">
    <subfield code="a">a   z   000yy</subfield>
  </datafield>
  <datafield tag="200" ind1="1" ind2=" ">
    <subfield code="a">&#x421;&#x43E;&#x431;&#x440;&#x430;&#x43D;&#x438;&#x435; &#x432;&#x438;&#x434;&#x43E;&#x432; &#x441;&#x435;&#x43B;&#x430; &#x413;&#x43E;&#x440;&#x43E;&#x434;&#x43D;&#x438; &#x438; &#x435;&#x433;&#x43E; &#x43E;&#x43A;&#x440;&#x435;&#x441;&#x442;&#x43D;&#x43E;&#x441;&#x442;&#x435;&#x439; &#x432; &#x441;&#x435;&#x43C;&#x438; &#x432;&#x435;&#x440;&#x441;&#x442;&#x430;&#x445; &#x43E;&#x442; &#x41A;&#x430;&#x43B;&#x443;&#x433;&#x438;. &#x412;&#x43B;&#x430;&#x434;&#x435;&#x43D;&#x438;&#x44F; &#x435;&#x44F; &#x441;&#x432;&#x435;&#x442;&#x43B;&#x43E;&#x441;&#x442;&#x438; &#x43A;&#x43D;&#x44F;&#x433;&#x438;&#x43D;&#x438; &#x41D;&#x430;&#x442;&#x430;&#x43B;&#x44C;&#x438; &#x41F;&#x435;&#x442;&#x440;&#x43E;&#x432;&#x43D;&#x44B; &#x413;&#x43E;&#x43B;&#x438;&#x446;&#x44B;&#x43D;&#x43E;&#x439;. &#x414;&#x432;&#x43E;&#x440;&#x430; &#x438;&#x445; &#x438;&#x43C;&#x43F;&#x435;&#x440;&#x430;&#x442;&#x43E;&#x440;&#x441;&#x43A;&#x438;&#x445; &#x432;&#x435;&#x43B;&#x438;&#x447;&#x435;&#x441;&#x442;&#x432; &#x448;&#x442;&#x430;&#x442;&#x441;-&#x434;&#x430;&#x43C;&#x44B; &#x438; &#x43E;&#x440;&#x434;&#x435;&#x43D;&#x430; &#x421;&#x432;. &#x415;&#x43A;&#x430;&#x442;&#x435;&#x440;&#x438;&#x43D;&#x44B; &#x43A;&#x430;&#x432;&#x430;&#x43B;&#x435;&#x440;&#x430;</subfield>
    <subfield code="d">Collection de vues de la terre de Gorodnia &#xE0; sept werstes de Kalouga appartenant &#xE0; son exellence madame la princesse Galitzin</subfield>
  </datafield>
  <datafield tag="210" ind1=" " ind2=" ">
    <subfield code="a">[&#x411;.&#x43C;.]</subfield>
    <subfield code="c">Lithographie par S.Loukin</subfield>
    <subfield code="d">[182-?]</subfield>
  </datafield>
  <datafield tag="215" ind1=" " ind2=" ">
    <subfield code="a">[16] &#x43E;&#x442;&#x434;. &#x43B;. &#x438;&#x43B;. &#x432; &#x438;&#x437;&#x434;. &#x43E;&#x431;&#x43B;.</subfield>
    <subfield code="d">23 x 29 &#x441;&#x43C;</subfield>
  </datafield>
  <datafield tag="300" ind1=" " ind2=" ">
    <subfield code="a">&#x411;&#x435;&#x437; &#x446;&#x435;&#x43D;&#x437;. &#x440;&#x430;&#x437;&#x440;&#x435;&#x448;&#x435;&#x43D;&#x438;&#x44F;</subfield>
  </datafield>
  <datafield tag="309" ind1=" " ind2=" ">
    <subfield code="a">&#x411;&#x435;&#x437; &#x442;&#x438;&#x442;. &#x43B;. &#x41E;&#x43F;&#x438;&#x441;&#x430;&#x43D;&#x43E; &#x43F;&#x43E; &#x438;&#x437;&#x434;. &#x43E;&#x431;&#x43B;.</subfield>
  </datafield>
  <datafield tag="510" ind1="1" ind2=" ">
    <subfield code="a">Collection de vues de la terre de Gorodnia &#xE0; sept werstes de Kalouga appartenant &#xE0; son exellence madame la princesse Galitzin</subfield>
    <subfield code="z">fre</subfield>
  </datafield>
  <datafield tag="702" ind1=" " ind2="1">
    <subfield code="a">&#x413;&#x43E;&#x43B;&#x438;&#x446;&#x44B;&#x43D;&#x430;</subfield>
    <subfield code="b">&#x41D;.&#x41F;.</subfield>
    <subfield code="f">1739-1837</subfield>
    <subfield code="g">&#x41D;&#x430;&#x442;&#x430;&#x43B;&#x44C;&#x44F; &#x41F;&#x435;&#x442;&#x440;&#x43E;&#x432;&#x43D;&#x430;</subfield>
    <subfield code="4">570</subfield>
  </datafield>
  <datafield tag="702" ind1=" " ind2="1">
    <subfield code="6">z01790</subfield>
    <subfield code="a">&#x41B;&#x443;&#x43A;&#x438;&#x43D;</subfield>
    <subfield code="b">&#x421;.&#x41F;.</subfield>
    <subfield code="g">&#x421;&#x442;&#x435;&#x43F;&#x430;&#x43D; &#x41F;&#x440;&#x43E;&#x445;&#x43E;&#x440;&#x43E;&#x432;&#x438;&#x447;</subfield>
    <subfield code="4">510</subfield>
  </datafield>
  <datafield tag="790" ind1=" " ind2="1">
    <subfield code="6">z01702</subfield>
    <subfield code="a">Loukin</subfield>
    <subfield code="b">S.</subfield>
    <subfield code="7">ba</subfield>
  </datafield>
  <datafield tag="801" ind1=" " ind2="0">
    <subfield code="a">RU</subfield>
    <subfield code="b">NLR</subfield>
    <subfield code="c">20060504</subfield>
  </datafield>
  <datafield tag="852" ind1=" " ind2=" ">
    <subfield code="a">NLR</subfield>
    <subfield code="j">18.121.2.59</subfield>
  </datafield>
  <datafield tag="852" ind1=" " ind2=" ">
    <subfield code="a">NLR</subfield>
    <subfield code="b">&#x42D;</subfield>
    <subfield code="j">&#x410;&#x43B;&#x422;63/2-&#x413;70</subfield>
  </datafield>
  <datafield tag="942" ind1=" " ind2=" ">
    <subfield code="c">BOOK</subfield>
  </datafield>
  <datafield tag="980" ind1=" " ind2=" ">
    <subfield code="a">NB</subfield>
  </datafield>
  <datafield tag="980" ind1=" " ind2=" ">
    <subfield code="a">A1DV</subfield>
  </datafield>
  <datafield tag="995" ind1=" " ind2=" ">
    <subfield code="5">2016-05-13</subfield>
    <subfield code="b">NLR02</subfield>
    <subfield code="c">NLR02</subfield>
    <subfield code="e">RFS</subfield>
    <subfield code="f">10777698-10</subfield>
    <subfield code="k">18.121.2.59</subfield>
    <subfield code="o">0</subfield>
    <subfield code="r">BOOK</subfield>
    <subfield code="s">18121259_</subfield>
  </datafield>
</record>
